000 01147nas a2200289 a 4500
005 20090808145146.0
008 950612c19869999njuar1 0 a0eng
010 _aENG-93960
020 _a9788175347601
_c375.00
035 _aEN-77493
037 _bDBAD / PUB
040 _adpl
_bEnglish
043 _an-us---
082 _a346.54073
100 _aMehta, Rupa
245 _aCredit cards :
_ba legal guide; with special reference to credit card frauds /
_cby Rupa Mehta [and] Rohinton Mehta
250 _a2nd ed.
260 _aDelhi
_bUniversal Law Publishing
_c2009
270 _aC-FF-1A, Dilkhush Industria Estate, (Opp. Hans Cinema, Azadpur) G.T. Karnal Road,
_bDelhi
_e110033
300 _axxiv, 306p.
_c26cm(Hb)
500 _aIncludes bibliographical references and index
650 _aCredit cards
_xLaw and legistation
650 _aBank credit cards
700 _aMehta, Rohinton
942 _2ddc
_cEN
_h346.54073
_mMEH
999 _c29035
_d29035